000 00311nam a2200133Ia 4500
005 20251222152019.0
008 251222s9999||||xx |||||||||||||| ||spa||
082 _a982.03/S26
100 _aSarmiento, Domingo F.
245 0 _aFacundo
250 _a1ra.ed.
264 _bEdiciones Nautilus, S.A.
942 _cLIB
999 _c25212
_d25212